| 000 | 00956nam a2200241 a 4500 | ||
|---|---|---|---|
| 001 | BRCA_405 | ||
| 005 | 20190320203009.0 | ||
| 008 | 880610s1987 it-a---##b---#001-0#ita-# | ||
| 040 |
_aDLC _cDLC _dDLC |
||
| 050 | 4 |
_aNK4315 _b.R39 1987 |
|
| 100 | 1 |
_aRavanelli Guidotti, Carmen _91370 |
|
| 245 | 1 | 0 |
_aDonazione Paolo Mereghi _bceramiche europee ed orientali _cCarmen Ravanelli Guidotti. |
| 260 |
_aCasalecchio, Bolonia _bGrafis _c1987 |
||
| 300 |
_a380 p. _bil. (algunas a color) _c26 cm. |
||
| 440 | 0 |
_aCatalogo generale delle raccolte a cura di Gian Carlo Bojani _v4 _91371 |
|
| 500 | _aIncluye índice iconográfico | ||
| 504 | _aBibliografía : p. 345-[374] | ||
| 600 | 1 | 4 |
_aMereghi,Paolo _vCatálogos _xColecciones de arte _91372 |
| 610 | 2 | 4 |
_aMuseo Internazionale delle Ceramiche (Faenza, Italia) _vCatálogos _91373 |
| 650 | 1 | 4 |
_aMayólica italiana _vCatálogos _91374 |
| 650 | 1 | 4 |
_aMayólica _vCatálogos _xColecciones privadas _zItalia _91375 |
| 942 |
_2lcc _cB |
||
| 999 |
_c340 _d340 |
||